| 000 | 00962cam a2200361 4500 | ||
|---|---|---|---|
| 008 | 090401t1999 xxu||||| |||| 00| 0 eng d | ||
| 020 | _a0854069410 | ||
| 035 | _a(Sirsi) u91834 | ||
| 041 | _aeng | ||
| 050 | _a306.13094 | ||
| 110 |
_aRoyal Institution of Chartered Surveyors _94900 |
||
| 245 | _aPrivate sector housing : alternative solutions from Europe. | ||
| 260 |
_aLondon _bRICS _c1999 |
||
| 300 | _a44p. ; 30cm. | ||
| 350 | _a5.95 | ||
| 490 | _aRICS Research | ||
| 520 | _aResearch funded by the RICS Education Trust. | ||
| 650 | _aEUROPE | ||
| 650 | _aGERMANY | ||
| 650 | _aHOUSING DEVELOPMENT | ||
| 650 | _aHOUSING FINANCE | ||
| 650 | _aHOUSING LAND | ||
| 650 | _aHOUSING MARKET | ||
| 650 | _aHOUSING SUPPLY | ||
| 650 | _aNETHERLANDS | ||
| 650 | _aPRIVATE HOUSING | ||
| 650 | _aRICS EDUCATION TRUST | ||
| 650 | _aUNITED KINGDOM | ||
| 690 | _aHOUSING | ||
| 700 | _aGolland, Andrew | ||
| 942 | _n0 | ||
| 948 | _c08/03/1999 | ||
| 999 |
_c97674 _d97674 |
||